| 000 | 00674nam a2200241Ia 4500 | ||
|---|---|---|---|
| 003 | OSt | ||
| 005 | 20220918200716.0 | ||
| 006 | a|||||r|||| 00| 0 | ||
| 007 | ta | ||
| 008 | 220917b |||||||| |||| 00| 0 eng d | ||
| 024 | _a89,939 | ||
| 037 | _cTextual | ||
| 040 |
_aARTS _cARTS _beng |
||
| 041 |
_2eng _aeng |
||
| 082 | _aU8.23163.M69, L6 | ||
| 100 |
_aBurgess J _995232 |
||
| 245 | 0 | _aNotes of a visit to Somnath, Girnar and other places in Kathiawad in May 1869 | |
| 260 |
_aVaranasi _bK V Niketan _c1976 |
||
| 300 |
_axii, 76p. _ccm. |
||
| 650 | _aGEOGRAPHY | ||
| 942 |
_hU8.23163.M69, L6 _cTEXL _2CC |
||
| 999 |
_c213608 _d213608 |
||